[Event "25. Torneo Colllado Villalba"]
[Site "Collado Villalba ESP"]
[Date "2008.08.30"]
[Round "9.32"]
[White "Labarta Gonzalez, Ivan B"]
[Black "Lopez Ayala, Pedro"]
[Result "0-1"]
[WhiteElo "2160"]
[BlackElo "2004"]
[PlyCount "132"]
[EventDate "2008.08.22"]
[EventType "swiss"]
[EventRounds "9"]
[EventCountry "ESP"]
[Source "lmi"]
[SourceDate "2008.08.22"]

1. e4 c5 2. Nf3 d6 3. c3 Nf6 4. Be2 Bd7 5. d3 g6 6. O-O Bg7 7. h3 O-O 8. Be3
Nc6 9. Nbd2 Rc8 10. d4 cxd4 11. Nxd4 Nxd4 12. cxd4 d5 13. e5 Ne4 14. Bd3 Bf5
15. Nb3 f6 16. exf6 exf6 17. Nc5 b6 18. Nb3 Nd6 19. Bxf5 Nxf5 20. Bf4 Rc4 21.
Qd3 Qd7 22. g4 Nd6 23. Nd2 Rc6 24. Rfc1 Rfc8 25. Nf1 Rxc1 26. Rxc1 Rxc1 27.
Bxc1 Kf7 28. Bf4 Nc8 29. Kg2 Bf8 30. Qb3 Qc6 31. Ne3 Ke6 32. Nc2 Bd6 33. Nb4
Bxb4 34. Qxb4 Kf7 35. g5 f5 36. Be5 a5 37. Qa3 Qc4 38. Qg3 Qe2 39. Bf6 Qe4+ 40.
Kh2 f4 41. Qg4 Qf5 42. Qxf5 gxf5 43. Bd8 a4 44. Kg2 b5 45. Bc7 Ne7 46. Bxf4 Nc6
47. Bd6 Nxd4 48. Kg3 Ne2+ 49. Kf3 Nc1 50. Bb4 Nxa2 51. Bd2 b4 52. Ke2 b3 53.
Kd3 Kg6 54. f4 Kh5 55. Be1 Kg6 56. Bd2 Kh5 57. Be1 Nc1+ 58. Kd2 Ne2 59. Bf2
Nxf4 60. Bd4 Nxh3 61. Kc3 f4 62. Kb4 f3 63. Kxa4 f2 64. Bxf2 Nxf2 65. Kxb3 Nd3
66. Kc3 Nxb2 0-1

[Event "25. Torneo Colllado Villalba"]
[Site "Collado Villalba ESP"]
[Date "2008.08.30"]
[Round "9.33"]
[White "Perez Pascual, Arturo"]
[Black "Lopez De Turiso, Jose Angel"]
[Result "1-0"]
[WhiteElo "2016"]
[BlackElo "2137"]
[PlyCount "133"]
[EventDate "2008.08.22"]
[EventType "swiss"]
[EventRounds "9"]
[EventCountry "ESP"]
[Source "lmi"]
[SourceDate "2008.08.22"]

1. e4 e5 2. Nf3 Nc6 3. Bb5 a6 4. Bc4 f5 5. Nc3 b5 6. Bb3 b4 7. Bxg8 Rxg8 8. Nd5
fxe4 9. Ng1 g6 10. d3 Nd4 11. Nh3 Be7 12. dxe4 c6 13. Nxe7 Qxe7 14. c3 bxc3 15.
bxc3 Ne6 16. O-O g5 17. Kh1 Rg6 18. a4 d6 19. g3 c5 20. f3 Bb7 21. Rb1 Bc6 22.
Nf2 h5 23. Rb6 Qc7 24. a5 Nf8 25. f4 gxf4 26. gxf4 Bb5 27. f5 Rg7 28. Qxh5+ Qf7
29. Qxf7+ Kxf7 30. Rd1 Be2 31. Rb7+ Kf6 32. Rxg7 Bxd1 33. Rb7 Bf3+ 34. Kg1 d5
35. Rb6+ Kf7 36. Nd3 Bxe4 37. Nxe5+ Kg8 38. f6 Ng6 39. Nd7 Rc8 40. Rb8 Rxb8 41.
Nxb8 Bd3 42. Nd7 c4 43. Nc5 Kf7 44. Bg5 Ne5 45. Kf2 Ng4+ 46. Kg3 Ne5 47. Nxa6
Nc6 48. Nc5 Nxa5 49. Nxd3 cxd3 50. Kf3 Nc4 51. h4 d2 52. Ke2 Kg6 53. Kd1 Nd6
54. Kxd2 Ne4+ 55. Kd3 Nd6 56. Kd4 Nb5+ 57. Kxd5 Nxc3+ 58. Ke6 Nb5 59. Ke7 Nc3
60. f7 Nd5+ 61. Kd6 Kxf7 62. Kxd5 Kg6 63. Ke6 Kg7 64. h5 Kh7 65. Kf7 Kh8 66.
Kg6 Kg8 67. Bf6 1-0

[Event "25. Torneo Colllado Villalba"]
[Site "Collado Villalba ESP"]
[Date "2008.08.30"]
[Round "9.35"]
[White "Villanueva Arguinberri, Bruno"]
[Black "Vilarnovo Caamano, Jose"]
[Result "1/2-1/2"]
[WhiteElo "1981"]
[BlackElo "2104"]
[PlyCount "62"]
[EventDate "2008.08.22"]
[EventType "swiss"]
[EventRounds "9"]
[EventCountry "ESP"]
[Source "lmi"]
[SourceDate "2008.08.22"]

1. d4 f5 2. c4 Nf6 3. Nc3 e6 4. Bg5 h6 5. Bxf6 Qxf6 6. e3 b6 7. Nf3 Bb7 8. Be2
Bb4 9. Ne5 O-O 10. Qb3 a5 11. O-O d6 12. Bf3 Bxf3 13. Nxf3 Bxc3 14. Qxc3 Nd7
15. Rfd1 g5 16. b3 g4 17. Ne1 Nc5 18. Nd3 Ne4 19. Qb2 Kh7 20. a3 Rg8 21. b4 Rg7
22. Rac1 Qh4 23. c5 Ng5 24. Kh1 Ne4 25. cxd6 cxd6 26. Rc6 Rag8 27. g3 Qd8 28.
Rdc1 e5 29. Qc2 exd4 30. exd4 Qf6 31. Nf4 Qxd4 1/2-1/2

[Event "25. Torneo Colllado Villalba"]
[Site "Collado Villalba ESP"]
[Date "2008.08.30"]
[Round "9.36"]
[White "Olives Barba, Carlos Jose"]
[Black "Torres Grajales, Ramon"]
[Result "0-1"]
[WhiteElo "1942"]
[BlackElo "2103"]
[PlyCount "100"]
[EventDate "2008.08.22"]
[EventType "swiss"]
[EventRounds "9"]
[EventCountry "ESP"]
[Source "lmi"]
[SourceDate "2008.08.22"]

1. e3 Nf6 2. f4 g6 3. b3 Bg7 4. Bb2 O-O 5. Nf3 d6 6. Be2 Nc6 7. O-O e5 8. fxe5
Ng4 9. Qc1 Ngxe5 10. d3 Bh6 11. Nxe5 dxe5 12. Bf3 Nd4 13. Bc3 Qg5 14. Bd2 Nxf3+
15. Rxf3 f5 16. Nc3 c6 17. Rf2 Bd7 18. Ne2 Rae8 19. Ng3 Qh4 20. Ne2 Rf7 21. Qa3
a6 22. Raf1 Bf8 23. Qb2 Bc5 24. d4 Bd6 25. Bc3 exd4 26. g3 dxc3 27. Qxc3 Qe4
28. Qd2 Bc5 29. Nc3 Qxe3 30. Kg2 Qxd2 31. Rxd2 Bb4 32. Rfd1 Bxc3 33. Rxd7 c5
34. Kf3 Bd4 35. Rxf7 Kxf7 36. Rd2 Kf6 37. a4 g5 38. h3 Re3+ 39. Kg2 a5 40. g4
f4 41. Kh2 Ke5 42. Kg2 Ke4 43. c4 Rxb3 44. h4 Rb2 45. Rxb2 Bxb2 46. hxg5 Ke3
47. Kf1 Kf3 48. g6 hxg6 49. g5 Bc3 50. Kg1 Ke2 0-1

[Event "25. Torneo Colllado Villalba"]
[Site "Collado Villalba ESP"]
[Date "2008.08.30"]
[Round "9.37"]
[White "Sanchez Delgado, Lidia"]
[Black "San Juan Rodriguez, Miguel"]
[Result "1/2-1/2"]
[WhiteElo "1922"]
[BlackElo "2084"]
[PlyCount "110"]
[EventDate "2008.08.22"]
[EventType "swiss"]
[EventRounds "9"]
[EventCountry "ESP"]
[Source "lmi"]
[SourceDate "2008.08.22"]

1. e4 e5 2. Nf3 Nc6 3. d4 exd4 4. Nxd4 Qh4 5. Be2 Qxe4 6. Nb5 Bb4+ 7. N1c3
Bxc3+ 8. bxc3 Kd8 9. O-O Nf6 10. Bf3 Qf5 11. Nd4 Nxd4 12. cxd4 Re8 13. c4 d6
14. d5 Ne4 15. Re1 Bd7 16. Qd4 Qf6 17. Qxf6+ Nxf6 18. Bb2 Bf5 19. h3 h6 20. g4
Bd3 21. Rec1 Kd7 22. c5 b6 23. cxd6 cxd6 24. Ba3 Rac8 25. Rc6 Rxc6 26. dxc6+
Kc7 27. Bxd6+ Kxd6 28. Rd1 Kc7 29. Rxd3 Rd8 30. Re3 Nd5 31. Re5 Kxc6 32. Re7 a5
33. Rxf7 g5 34. Kg2 Rd6 35. Kg3 Kc5 36. h4 gxh4+ 37. Kxh4 Nc3 38. Rc7+ Kd4 39.
a3 Rf6 40. Kg3 Nb1 41. a4 Nc3 42. Bc6 Kc5 43. Bb5+ Kb4 44. Rc4+ Kb3 45. Rc6
Ne4+ 46. Kh4 Rxf2 47. Kh5 Rf6 48. Rc1 Rd6 49. Rc6 Nf6+ 50. Kh4 Rxc6 51. Bxc6
Kc4 52. Bb5+ Kd4 53. Bc6 Ke3 54. Bb7 Kf4 55. Bc8 Ne4 1/2-1/2

[Event "25. Torneo Colllado Villalba"]
[Site "Collado Villalba ESP"]
[Date "2008.08.30"]
[Round "9.38"]
[White "Baldwin del Castillo, Ricardo"]
[Black "Andreeva, Arina"]
[Result "0-1"]
[WhiteElo "2045"]
[BlackElo "2001"]
[PlyCount "98"]
[EventDate "2008.08.22"]
[EventType "swiss"]
[EventRounds "9"]
[EventCountry "ESP"]
[Source "lmi"]
[SourceDate "2008.08.22"]

1. c4 e5 2. g3 Nc6 3. Bg2 Nf6 4. Nc3 Bb4 5. Nd5 Bc5 6. e3 O-O 7. Ne2 Re8 8. O-O
d6 9. d4 Bb6 10. Nec3 exd4 11. Nxb6 axb6 12. exd4 Bg4 13. f3 Bf5 14. b3 Qd7 15.
g4 Bg6 16. Bg5 h5 17. h3 Nh7 18. Bf4 Nf8 19. Bg3 f5 20. Nd5 Ne6 21. Nf4 Nxf4
22. Bxf4 d5 23. cxd5 Nb4 24. Re1 Rxe1+ 25. Qxe1 Nc2 26. Qc3 Nxa1 27. Qxa1 Bf7
28. gxh5 Bxd5 29. Be5 c6 30. a3 Qf7 31. b4 Qxh5 32. Qc1 Qh6 33. Bf4 Qe6 34. Be5
Qg6 35. Qe3 Re8 36. Qf4 Re6 37. Kh2 Qh5 38. Qe3 g5 39. b5 g4 40. bxc6 bxc6 41.
Qe1 gxf3 42. Bf1 Qg5 43. Qf2 Rg6 44. Bg3 f4 45. Bh4 Qh5 46. Bd8 Rg7 47. Bf6 Rg6
48. Be5 Qg5 49. h4 Rh6 0-1

[Event "25. Torneo Colllado Villalba"]
[Site "Collado Villalba ESP"]
[Date "2008.08.30"]
[Round "9.39"]
[White "Picon Rodriguez, Jose"]
[Black "Collado Barbas, Laura"]
[Result "0-1"]
[WhiteElo "2040"]
[BlackElo "1983"]
[PlyCount "74"]
[EventDate "2008.08.22"]
[EventType "swiss"]
[EventRounds "9"]
[EventCountry "ESP"]
[Source "lmi"]
[SourceDate "2008.08.22"]

1. e4 e6 2. d4 d5 3. Nc3 Nc6 4. e5 f6 5. Bb5 Bd7 6. Nf3 Qe7 7. a4 O-O-O 8. O-O
Qf7 9. a5 Nge7 10. a6 b6 11. exf6 gxf6 12. Bf4 Ng6 13. Bg3 h5 14. h3 h4 15. Bh2
Bh6 16. Ne2 Rdg8 17. Kh1 Qg7 18. Rg1 Nd8 19. c4 Bxb5 20. cxb5 Qd7 21. Qd3 Nf7
22. Rgd1 Nd6 23. Nc3 Rg7 24. Rg1 Rhg8 25. Ne1 f5 26. Nf3 Ne4 27. Qe2 Bf4 28.
Ne5 Bxe5 29. Bxe5 Nxe5 30. Nxe4 fxe4 31. dxe5 Rg5 32. f4 exf3 33. gxf3 Rg3 34.
Rxg3 Rxg3 35. Kh2 Qg7 36. Qf1 Qxe5 37. Qe1 Qxb2+ 0-1

[Event "25. Torneo Colllado Villalba"]
[Site "Collado Villalba ESP"]
[Date "2008.08.30"]
[Round "9.40"]
[White "Sanchez-Alarcos Galian, Victor"]
[Black "Piriz Fernandez, Daniel"]
[Result "0-1"]
[WhiteElo "2026"]
[BlackElo "1752"]
[PlyCount "116"]
[EventDate "2008.08.22"]
[EventType "swiss"]
[EventRounds "9"]
[EventCountry "ESP"]
[Source "lmi"]
[SourceDate "2008.08.22"]

1. d4 Nf6 2. c4 c5 3. d5 e6 4. Nc3 exd5 5. cxd5 d6 6. e4 g6 7. f4 Bg7 8. Bb5+
Nfd7 9. a4 O-O 10. Nf3 Na6 11. O-O Nb4 12. Re1 Nf6 13. Bc4 Bg4 14. e5 dxe5 15.
fxe5 Nd7 16. e6 Ne5 17. Rxe5 Bxe5 18. Qe1 Bd6 19. Ne4 Bxf3 20. Bg5 f6 21. Nxf6+
Rxf6 22. e7 Qxe7 23. Qxe7 Bxe7 24. d6+ Bd5 25. Rd1 Bxc4 26. dxe7 Re8 27. Bxf6
Kf7 28. Bh4 Nc6 29. Rc1 Ba6 30. Rxc5 Nxe7 31. Rc7 Kf8 32. b4 Nd5 33. Rxh7 Nxb4
34. Bf2 Kg8 35. Rd7 Nc6 36. Bc5 Ne5 37. Rd1 Nc6 38. Rd7 Re1+ 39. Kf2 Rf1+ 40.
Kg3 Rf5 41. Be3 Rf7 42. Rd6 Kh7 43. Kh4 Bf1 44. g4 a6 45. Bc5 Bc4 46. Bb6 Ne5
47. Be3 Bb3 48. a5 Rg7 49. Rf6 Bd1 50. h3 Nc4 51. Bd4 Rd7 52. Bc3 Nd6 53. Re6
Bc2 54. Bb2 Ne4 55. Re8 g5+ 56. Kh5 Nf6+ 57. Bxf6 Bg6+ 58. Kxg5 Bxe8 0-1

[Event "25. Torneo Colllado Villalba"]
[Site "Collado Villalba ESP"]
[Date "2008.08.30"]
[Round "9.41"]
[White "Campos Calvo-Sotelo, Javier"]
[Black "Cano Mercado, Francisco Manuel"]
[Result "1/2-1/2"]
[WhiteElo "2125"]
[BlackElo "1890"]
[PlyCount "87"]
[EventDate "2008.08.22"]
[EventType "swiss"]
[EventRounds "9"]
[EventCountry "ESP"]
[Source "lmi"]
[SourceDate "2008.08.22"]

1. d4 d5 2. Nf3 Nf6 3. c4 c6 4. g3 e6 5. Bg2 Nbd7 6. Qc2 a6 7. O-O Be7 8. Nbd2
O-O 9. e4 dxe4 10. Nxe4 Nxe4 11. Qxe4 Nf6 12. Qe2 Re8 13. Rd1 Bd7 14. Ne5 Rc8
15. h4 Bf8 16. Qf3 Qe7 17. g4 Red8 18. Bf4 Be8 19. c5 Nd5 20. Bg3 Qf6 21. Nc4
Qxf3 22. Bxf3 f6 23. a3 Bf7 24. Bd6 Re8 25. Bxf8 Rxf8 26. Nd6 Rc7 27. Bxd5 exd5
28. Re1 Rd8 29. Re3 Kf8 30. Rae1 Rb8 31. Kh2 Rd8 32. Kg3 Rcd7 33. f4 Rb8 34. f5
Rc7 35. Kf4 Rd7 36. g5 b6 37. b4 a5 38. gxf6 gxf6 39. Nxf7 Kxf7 40. Re6 axb4
41. axb4 bxc5 42. bxc5 Rb4 43. Rxc6 Rxd4+ 44. Kg3 1/2-1/2

[Event "25. Torneo Colllado Villalba"]
[Site "Collado Villalba ESP"]
[Date "2008.08.30"]
[Round "9.42"]
[White "Jimenez Gonzalez, Marcos"]
[Black "Lobato Lavin, Alvaro"]
[Result "0-1"]
[WhiteElo "1888"]
[BlackElo "2046"]
[PlyCount "86"]
[EventDate "2008.08.22"]
[EventType "swiss"]
[EventRounds "9"]
[EventCountry "ESP"]
[Source "lmi"]
[SourceDate "2008.08.22"]

1. Nf3 Nf6 2. c4 g6 3. Nc3 Bg7 4. e4 d6 5. d4 O-O 6. Be2 c5 7. O-O cxd4 8. Nxd4
Nc6 9. Nc2 Be6 10. Ne3 Rc8 11. Bd2 Nd4 12. Bd3 Nd7 13. f4 Nc5 14. Bb1 a5 15. f5
Bd7 16. Ned5 Nc6 17. a3 Ne5 18. Ba2 a4 19. Qe2 h6 20. Rad1 Kh7 21. Be1 Bc6 22.
Bf2 Ncd7 23. Bh4 g5 24. Bg3 Nb6 25. Ne3 Nbd7 26. h4 g4 27. h5 Qa5 28. Ncd5 Bxd5
29. Nxd5 Nxc4 30. Be1 Qa6 31. Nxe7 b5 32. Nxc8 Rxc8 33. Bxc4 Rxc4 34. Bb4 Be5
35. f6 Nxf6 36. Rxf6 Bxf6 37. Qf2 Kg7 38. Bxd6 Rxe4 39. Kh1 Qc6 40. Bb4 Be5 41.
Rf1 Rf4 42. Qe2 Qe4 43. Qxe4 Rxf1# 0-1

[Event "25. Torneo Colllado Villalba"]
[Site "Collado Villalba ESP"]
[Date "2008.08.30"]
[Round "9.43"]
[White "Menendez Solar, Jose Carlos"]
[Black "Rodriguez Gomez, Vicente"]
[Result "1/2-1/2"]
[WhiteElo "1844"]
[BlackElo "2039"]
[PlyCount "146"]
[EventDate "2008.08.22"]
[EventType "swiss"]
[EventRounds "9"]
[EventCountry "ESP"]
[Source "lmi"]
[SourceDate "2008.08.22"]

1. d4 Nf6 2. c4 g6 3. Nc3 Bg7 4. e4 d6 5. Bd3 e5 6. d5 a5 7. f3 Na6 8. Be3 b6
9. a3 Nc5 10. Bc2 O-O 11. Nge2 Ne8 12. b4 axb4 13. axb4 Rxa1 14. Qxa1 Na6 15.
Qa3 f5 16. Bd3 f4 17. Bf2 Qg5 18. Rg1 Qd8 19. c5 bxc5 20. Bxa6 cxb4 21. Qa5
bxc3 22. Nxc3 Nf6 23. Kd2 c5 24. Ra1 Bxa6 25. Qxa6 Rf7 26. Qc6 Qd7 27. Ra8+ Rf8
28. Nb5 Rxa8 29. Qxa8+ Kf7 30. Qb8 Ne8 31. Kc3 Bf6 32. Kc4 g5 33. h3 h5 34. Be1
Be7 35. Bc3 g4 36. Bxe5 dxe5 37. Qxe5 Nd6+ 38. Nxd6+ Bxd6 39. Qxh5+ Kf8 40.
Qh8+ Ke7 41. Qh4+ Ke8 42. Qh8+ Bf8 43. Qe5+ Kd8 44. Qb8+ Qc8 45. Qb6+ Ke8 46.
fxg4 Kf7 47. e5 Qe8 48. Qf6+ Kg8 49. d6 Qa4+ 50. Kxc5 Qc2+ 51. Kb6 Qb2+ 52. Kc7
Qc3+ 53. Kd7 Bg7 54. Qd8+ Kh7 55. e6 Qb4 56. Ke8 Qe4 57. Qe7 Qa8+ 58. Qd8 Qe4
59. Qh4+ Kg8 60. Qe7 Qa8+ 61. Qd8 Qc6+ 62. Ke7+ Kh7 63. Qe8 Qc3 64. Qh5+ Kg8
65. Qf7+ Kh7 66. d7 Qc5+ 67. Ke8 Qc6 68. Qh5+ Kg8 69. Ke7 Bf8+ 70. Kf6 Bg7+ 71.
Ke7 Bf8+ 72. Kf6 Bg7+ 73. Ke7 Bf8+ 1/2-1/2

[Event "25. Torneo Colllado Villalba"]
[Site "Collado Villalba ESP"]
[Date "2008.08.30"]
[Round "9.47"]
[White "Marcos Herrero, Francisco"]
[Black "Marret, Constantin Pierre"]
[Result "1-0"]
[WhiteElo "1891"]
[BlackElo "1544"]
[PlyCount "85"]
[EventDate "2008.08.22"]
[EventType "swiss"]
[EventRounds "9"]
[EventCountry "ESP"]
[Source "lmi"]
[SourceDate "2008.08.22"]

1. e4 c5 2. Nc3 Nc6 3. g3 d6 4. Bg2 g6 5. f4 e6 6. Nf3 Bg7 7. d3 Nge7 8. O-O
O-O 9. Be3 b6 10. g4 f5 11. gxf5 exf5 12. Bf2 Bb7 13. Qd2 Qd7 14. Rad1 Nd4 15.
Ng5 Rae8 16. Rde1 h6 17. Nf3 d5 18. Bxd4 cxd4 19. Nxd5 Nxd5 20. exd5 Qxd5 21.
Nh4 Qd7 22. Bxb7 Qxb7 23. Nxg6 Rxe1 24. Rxe1 Rf6 25. Re8+ Kh7 26. Ne5 Rf8 27.
Rxf8 Bxf8 28. Qg2 Qg7 29. Qxg7+ Kxg7 30. Nc6 a5 31. Nxd4 Bc5 32. c3 Kf6 33. Kf2
Bxd4+ 34. cxd4 Ke6 35. a4 Kd6 36. Ke2 Kd5 37. Ke3 Kd6 38. Kd2 h5 39. Kc3 h4 40.
Kc4 Ke6 41. d5+ Kd6 42. Kd4 h3 43. b3 1-0

[Event "25. Torneo Colllado Villalba"]
[Site "Collado Villalba ESP"]
[Date "2008.08.30"]
[Round "9.49"]
[White "Salido Polo, Veronica"]
[Black "Medrano Del Val, Julio"]
[Result "1-0"]
[WhiteElo "1835"]
[BlackElo "1742"]
[PlyCount "105"]
[EventDate "2008.08.22"]
[EventType "swiss"]
[EventRounds "9"]
[EventCountry "ESP"]
[Source "lmi"]
[SourceDate "2008.08.22"]

1. e4 d5 2. exd5 Qxd5 3. Nc3 Qa5 4. d4 Nf6 5. Nf3 Bg4 6. Be2 Ne4 7. Bd2 Nxd2 8.
Qxd2 Nd7 9. O-O e6 10. a3 c6 11. b4 Qc7 12. Ne4 Bxf3 13. Bxf3 g6 14. c4 Bg7 15.
Rac1 O-O 16. h4 Rad8 17. Qe3 Nf6 18. Rfd1 Rfe8 19. h5 Nxe4 20. Qxe4 a5 21. hxg6
hxg6 22. b5 c5 23. dxc5 Rxd1+ 24. Rxd1 Qxc5 25. Qxb7 Qxc4 26. b6 Qc5 27. Qc7
Bd4 28. Qc6 Bxf2+ 29. Kf1 Rb8 30. b7 Kg7 31. a4 Qxc6 32. Bxc6 Bc5 33. Rd7 Kf6
34. Ke2 g5 35. Kd3 Kg6 36. Kc4 Bf2 37. Re7 Kf6 38. Re8 Bg3 39. Rc8 Ke7 40. Kb5
f5 41. Kxa5 Bd6 42. Kb6 e5 43. Ka7 Rxb7+ 44. Kxb7 e4 45. a5 Bg3 46. a6 Bf2 47.
a7 Bxa7 48. Kxa7 Kd6 49. Kb6 Ke5 50. Kc5 Kf4 51. Kd4 Kg3 52. Bxe4 fxe4 53. Kxe4
1-0

[Event "25. Torneo Colllado Villalba"]
[Site "Collado Villalba ESP"]
[Date "2008.08.30"]
[Round "9.50"]
[White "Ramos Rodriguez, Francisco"]
[Black "Gonzalo Gonzalez, Francisco"]
[Result "0-1"]
[WhiteElo "1822"]
[BlackElo "1858"]
[PlyCount "48"]
[EventDate "2008.08.22"]
[EventType "swiss"]
[EventRounds "9"]
[EventCountry "ESP"]
[Source "lmi"]
[SourceDate "2008.08.22"]

1. e4 c5 2. Nf3 Nc6 3. d4 cxd4 4. Nxd4 d6 5. Bb5 Bd7 6. O-O Nf6 7. Qd3 Qc7 8.
Bxc6 bxc6 9. Re1 g6 10. Nc3 Bg7 11. b3 O-O 12. Rb1 Qb6 13. Be3 Qc7 14. h3 Nh5
15. g4 Nf6 16. f4 a6 17. Nf3 Rfd8 18. Qc4 Be6 19. Qd3 Bc8 20. Na4 Rb8 21. Qe2
Nxe4 22. Bb6 Rxb6 23. Nxb6 Qxb6+ 24. Kg2 d5 0-1

[Event "25. Torneo Colllado Villalba"]
[Site "Collado Villalba ESP"]
[Date "2008.08.30"]
[Round "9.51"]
[White "Martin-Consuegra Barrilero, Jav"]
[Black "Prieto Velasco, Rafael"]
[Result "1/2-1/2"]
[WhiteElo "1896"]
[BlackElo "1600"]
[PlyCount "81"]
[EventDate "2008.08.22"]
[EventType "swiss"]
[EventRounds "9"]
[EventCountry "ESP"]
[Source "lmi"]
[SourceDate "2008.08.22"]

1. d4 f5 2. Bg5 c5 3. dxc5 Qa5+ 4. Qd2 Qxc5 5. Nc3 Nc6 6. Be3 Qa5 7. O-O-O e6
8. f4 Nf6 9. Kb1 Bb4 10. Qd3 Bxc3 11. Qxc3 Qxc3 12. bxc3 Ne4 13. Kb2 Na5 14.
Bd4 O-O 15. Nh3 h6 16. Rg1 Nc6 17. g4 Nxd4 18. cxd4 d5 19. e3 b5 20. g5 Kf7 21.
Bd3 Nd6 22. Nf2 Bd7 23. gxh6 gxh6 24. Rg3 Rg8 25. Rdg1 Rxg3 26. Rxg3 Rg8 27.
Rxg8 Kxg8 28. Be2 Kf8 29. c3 a5 30. Kb3 Ke7 31. Bd3 Kf6 32. Nh1 Be8 33. Ng3 Ke7
34. Kc2 Kf6 35. Be2 Kg7 36. Bd3 Kf6 37. Kd1 Kg7 38. a3 Nc4 39. Bxc4 bxc4 40.
Ne2 Kf6 41. Kc2 1/2-1/2

[Event "25. Torneo Colllado Villalba"]
[Site "Collado Villalba ESP"]
[Date "2008.08.30"]
[Round "9.53"]
[White "Castro Uceda, Jose A"]
[Black "Castano, Henry Augusto"]
[Result "1-0"]
[WhiteElo "1703"]
[BlackElo "2100"]
[PlyCount "53"]
[EventDate "2008.08.22"]
[EventType "swiss"]
[EventRounds "9"]
[EventCountry "ESP"]
[Source "lmi"]
[SourceDate "2008.08.22"]

1. d4 Nf6 2. c4 e6 3. Nc3 Bb4 4. Bg5 c5 5. e4 h6 6. Bxf6 Qxf6 7. Nf3 cxd4 8.
Nxd4 Nc6 9. Ndb5 O-O 10. Rc1 b6 11. Be2 Rd8 12. O-O Bb7 13. Nd6 Rab8 14. a3
Bxc3 15. Rxc3 Nd4 16. Nxb7 Rxb7 17. Qd2 d5 18. cxd5 exd5 19. exd5 Rxd5 20. Bd3
Rd8 21. Qe3 Nc6 22. Qe4 Rc7 23. Qh7+ Kf8 24. Qh8+ Ke7 25. Re1+ Kd7 26. Qh7 Ne5
27. Bf5+ 1-0